000 00575nam a22002057a 4500
003 OSt
005 20220107122900.0
008 210427b xxu||||| |||| 00| 0 eng d
020 _a9789811339011
040 _cKUDSIT
082 _a621.3822 ROY/C
100 _aRoy, Suhash Chandra Dutta
_918510
245 _aCircuits, systems and signal processing:
_bA tutorials approach
260 _aSingapore,
_bSpringer,
_c2018.
300 _axxiv, 320p.
650 _aELECTRONICS
_918511
650 _aCIRCUIT DESIGN
_918512
650 _aSIGNAL PROCESSING
_918513
942 _2ddc
_cBK
999 _c6827
_d6827